Thumbs up for data centre market (Record no. 117024)
[ view plain ]
| 000 -LEADER | |
|---|---|
| fixed length control field | 00972cam a2200205 4500 |
| 001 - CONTROL NUMBER | |
| control field | WB4007-02 |
| 008 - FIXED-LENGTH DATA ELEMENTS--GENERAL INFORMATION | |
| fixed length control field | 040217n2004 000 0 eng u |
| 035 ## - SYSTEM CONTROL NUMBER | |
| System control number | (Sirsi) u125161 |
| 245 ## - TITLE STATEMENT | |
| Title | Thumbs up for data centre market |
| 260 ## - PUBLICATION, DISTRIBUTION, ETC. | |
| Date of publication, distribution, etc. | 2004 |
| 490 ## - SERIES STATEMENT | |
| Series statement | Estates Gazette |
| Volume/sequential designation | (0406) 7 February 2004, 49(1) |
| 520 ## - SUMMARY, ETC. | |
| Summary, etc. | New research by CB Richard Ellis claims that the technical real estate market is starting to recover. Vacancy rates for data centres and disaster recovery space have fallen from nearly 50% in 2002 to 41% during the third quarter 2003. CBRE also forecasts that demand would shift to the City fringe and Docklands. Figures also reveal that the amount of data centre stock in five European cities has fallen while the combined 2003 take-up figure has risen 14% from 2002. |
| 590 ## - LOCAL NOTE (RLIN) | |
| Local note | WB |
| 590 ## - LOCAL NOTE (RLIN) | |
| Local note | WB |
| 650 ## - SUBJECT ADDED ENTRY--TOPICAL TERM | |
| Topical term or geographic name entry element | DATA CENTRES |
| 650 ## - SUBJECT ADDED ENTRY--TOPICAL TERM | |
| Topical term or geographic name entry element | DATA WAREHOUSES |
| 650 ## - SUBJECT ADDED ENTRY--TOPICAL TERM | |
| Topical term or geographic name entry element | VACANCY RATES |
| 690 ## - LOCAL SUBJECT ADDED ENTRY--TOPICAL TERM (OCLC, RLIN) | |
| Topical term or geographic name as entry element | COMMERCIAL PROPERTY-MARKET |
| 942 ## - ADDED ENTRY ELEMENTS (KOHA) | |
| Suppress in OPAC | 0 |
| Withdrawn status | Lost status | Source of classification or shelving scheme | Damaged status | Not for loan | Home library | Current library | Shelving location | Date acquired | Total Checkouts | Full call number | Barcode | Date last seen | Copy number | Price effective from | Koha item type |
|---|---|---|---|---|---|---|---|---|---|---|---|---|---|---|---|
| Dewey Decimal Classification | London | London | News article | 17/02/2004 | WB4007-02 | 125161-1001 | 06/08/2019 | 1 | 06/08/2019 | News article |